000 00483nam a2200157 4500
001 111402
003 ES-MaACL
005 20230906185308.0
007 t|
008 061121s1930 sp r ||||1| spa d
100 1 _aNájera Angulo, Luis.
_984870
245 1 3 _aLa punción de la cisterna cerebelo medular y su importancia en la tripanosomiasis humana /
_cpor Luis Nájera Anguloi.
260 _a[s.l. :
_bs.n.],
_c1930.
300 _a4 h. ;
_c24 cm.
852 _aES-MaACL
_j1758-F-3
999 _c111402
_d111402